[Event "Olympiad"]
[Site "Batumi GEO"]
[Date "2018.10.05"]
[Round "11.2"]
[White "Agopov, Mikael"]
[Black "Preotu, Razvan"]
[Result "1/2-1/2"]
[WhiteElo "2447"]
[BlackElo "2513"]
[WhiteFideId "-1"]
[WhiteFideId "-1"]
[PlyCount "72"]
[GameId "2130307615713536"]
[EventDate "2018.09.24"]
[EventType "team"]
[EventRounds "11"]
[EventCountry "GEO"]
[SourceTitle "10 Days #557"]
[Source "ChessMix"]
[SourceDate "2018.10.10"]
[SourceVersion "1"]
[SourceVersionDate "2018.10.10"]
[SourceQuality "1"]
[WhiteTeam "Finland"]
[BlackTeam "Canada"]
[WhiteTeamCountry "FIN"]
[BlackTeamCountry "CAN"]

1. e4 c5 2. Nf3 d6 3. d4 cxd4 4. Nxd4 Nf6 5. Nc3 a6 6. Be3 e5 7. Nb3 Be6 8. f3 h5 9. Qd2 Nbd7 10. Nd5 Bxd5 11. exd5 g6 12. Be2 Bg7 13. O-O b6 14. Rac1 O-O 15. c4 a5 16. Na1 Nh7 17. Nc2 f5 18. Na3 Nhf6 19. Nb5 Nc5 20. Rfe1 Qd7 21. h3 Rae8 22. b3 Rf7 23. Rb1 Rfe7 24. a3 f4 25. Bf2 g5 26. b4 axb4 27. axb4 e4 28. Bd4 exf3 29. Bxf3 Rxe1+ 30. Rxe1 Nb3 31. Rxe8+ Qxe8 32. Qe2 Nxd4 33. Nxd4 Qxe2 34. Bxe2 Nxd5 35. cxd5 Bxd4+ 36. Kf1 h4 1/2-1/2

[Event "Southwest op"]
[Site "Irving USA"]
[Date "2018.08.30"]
[Round "1.8"]
[White "Yim, Sung Ho"]
[Black "Preotu, Razvan"]
[Result "1/2-1/2"]
[WhiteElo "2271"]
[BlackElo "2513"]
[WhiteFideId "-1"]
[WhiteFideId "-1"]
[PlyCount "55"]
[GameId "2130307616375102"]
[EventDate "2018.08.30"]
[EventType "swiss"]
[EventRounds "9"]
[EventCountry "USA"]
[SourceTitle "10 Days #554"]
[Source "ChessMix"]
[SourceDate "2018.09.10"]
[SourceVersion "1"]
[SourceVersionDate "2018.09.10"]
[SourceQuality "1"]

1. Nf3 c5 2. c4 Nc6 3. Nc3 e5 4. e3 Nf6 5. d4 cxd4 6. exd4 e4 7. Ne5 Bb4 8. Be2 Qa5 9. O-O Nxe5 10. dxe5 Qxe5 11. Bd2 a5 12. a3 Bc5 13. Nb5 O-O 14. b4 axb4 15. axb4 Rxa1 16. Qxa1 Bd6 17. Nxd6 Qxd6 18. Rd1 Re8 19. c5 Qe6 20. Bg5 Ng4 21. Qd4 Qe5 22. Qxe5 Nxe5 23. b5 Nd3 24. Be3 d6 25. cxd6 Bd7 26. Bxd3 exd3 27. Rxd3 Bxb5 28. Rb3 1/2-1/2

[Event "Southwest op"]
[Site "Irving USA"]
[Date "2018.08.31"]
[Round "2.10"]
[White "Preotu, Razvan"]
[Black "Stefanov, Emil"]
[Result "1-0"]
[WhiteElo "2513"]
[BlackElo "2407"]
[WhiteFideId "-1"]
[WhiteFideId "-1"]
[PlyCount "111"]
[GameId "2130307616379222"]
[EventDate "2018.08.30"]
[EventType "swiss"]
[EventRounds "9"]
[EventCountry "USA"]
[SourceTitle "10 Days #554"]
[Source "ChessMix"]
[SourceDate "2018.09.10"]
[SourceVersion "1"]
[SourceVersionDate "2018.09.10"]
[SourceQuality "1"]

1. e4 g6 2. d4 Bg7 3. Nc3 c6 4. Be3 d6 5. Qd2 Nf6 6. Bh6 O-O 7. O-O-O Nbd7 8. e5 Nd5 9. Nxd5 cxd5 10. h4 dxe5 11. h5 Bf6 12. hxg6 hxg6 13. g4 Re8 14. f4 exf4 15. Qh2 e5 16. Nf3 e4 17. Bxf4 Nf8 18. g5 Bg7 19. Ne5 Bf5 20. Bh3 Qc8 21. Bxf5 Qxf5 22. Rdf1 Rac8 23. Be3 Rxe5 24. dxe5 Qxe5 25. Qxe5 Bxe5 26. Rd1 Rd8 27. c4 d4 28. Rh4 f5 29. gxf6 Bxf6 30. Rf4 Kg7 31. Rxf6 Kxf6 32. Bxd4+ Ke6 33. Bxa7 Rxd1+ 34. Kxd1 Nd7 35. Kd2 b6 36. b4 Kd6 37. Bxb6 Ne5 38. Kc3 g5 39. Be3 g4 40. b5 g3 41. Kd4 g2 42. c5+ Ke6 43. Kxe4 Nc4 44. Bf2 Nd2+ 45. Ke3 Nc4+ 46. Kd3 Na3 47. b6 Kd7 48. b7 Kc7 49. c6 Nb5 50. Bc5 Kb8 51. Ke2 Kc7 52. Kf2 Kb8 53. a4 Nc7 54. Bd6 Ka7 55. Bxc7 Ka6 56. Kxg2 1-0

[Event "Southwest op"]
[Site "Irving USA"]
[Date "2018.08.31"]
[Round "3.8"]
[White "Javakhadze, Zurab"]
[Black "Preotu, Razvan"]
[Result "1/2-1/2"]
[WhiteElo "2438"]
[BlackElo "2513"]
[WhiteFideId "-1"]
[WhiteFideId "-1"]
[PlyCount "43"]
[GameId "2130307616379244"]
[EventDate "2018.08.30"]
[EventType "swiss"]
[EventRounds "9"]
[EventCountry "USA"]
[SourceTitle "10 Days #554"]
[Source "ChessMix"]
[SourceDate "2018.09.10"]
[SourceVersion "1"]
[SourceVersionDate "2018.09.10"]
[SourceQuality "1"]

1. d4 Nf6 2. c4 e6 3. Nf3 b6 4. a3 Ba6 5. Qc2 Bb7 6. Nc3 c5 7. dxc5 Bxc5 8. Bg5 Nc6 9. e3 Rc8 10. Be2 Be7 11. O-O Na5 12. Nd2 d5 13. Rfd1 Qc7 14. Nb5 Qb8 15. Qa4 O-O 16. cxd5 Nxd5 17. Bxe7 Nxe7 18. Nf3 Nd5 19. Rac1 a6 20. Nbd4 Rxc1 21. Rxc1 Rc8 22. Qd1 1/2-1/2

[Event "Southwest op"]
[Site "Irving USA"]
[Date "2018.09.01"]
[Round "4.8"]
[White "Preotu, Razvan"]
[Black "Chua, Alexander"]
[Result "1-0"]
[WhiteElo "2513"]
[BlackElo "2332"]
[WhiteFideId "-1"]
[WhiteFideId "-1"]
[PlyCount "65"]
[GameId "2130307616379266"]
[EventDate "2018.08.30"]
[EventType "swiss"]
[EventRounds "9"]
[EventCountry "USA"]
[SourceTitle "10 Days #554"]
[Source "ChessMix"]
[SourceDate "2018.09.10"]
[SourceVersion "1"]
[SourceVersionDate "2018.09.10"]
[SourceQuality "1"]

1. e4 c5 2. Nf3 d6 3. d4 cxd4 4. Nxd4 Nf6 5. Nc3 Nc6 6. Bg5 e6 7. Qd2 a6 8. O-O-O Bd7 9. f4 Be7 10. Nf3 h6 11. Bxf6 gxf6 12. f5 Qb6 13. fxe6 fxe6 14. Ne2 Qa5 15. Qxa5 Nxa5 16. Nf4 Rc8 17. g3 Nc4 18. Bh3 Ne3 19. Rd3 Nxc2 20. Kb1 d5 21. Nxe6 Bxe6 22. Bxe6 dxe4 23. Bxc8 exd3 24. Bxb7 a5 25. Rd1 Ne3 26. Rxd3 Ng4 27. Rd5 Bd8 28. Bc6+ Kf7 29. Rd7+ Be7 30. Bd5+ Ke8 31. Ra7 Bd8 32. Nd4 Bb6 33. Bf7+ 1-0

[Event "Southwest op"]
[Site "Irving USA"]
[Date "2018.09.01"]
[Round "5.5"]
[White "Hilby, Craig"]
[Black "Preotu, Razvan"]
[Result "0-1"]
[WhiteElo "2420"]
[BlackElo "2513"]
[WhiteFideId "-1"]
[WhiteFideId "-1"]
[PlyCount "86"]
[GameId "2130307616379287"]
[EventDate "2018.08.30"]
[EventType "swiss"]
[EventRounds "9"]
[EventCountry "USA"]
[SourceTitle "10 Days #554"]
[Source "ChessMix"]
[SourceDate "2018.09.10"]
[SourceVersion "1"]
[SourceVersionDate "2018.09.10"]
[SourceQuality "1"]

1. e4 c5 2. Nf3 d6 3. d4 cxd4 4. Nxd4 Nf6 5. Nc3 a6 6. Be3 e6 7. g4 h6 8. Bg2 Nc6 9. h3 Ne5 10. O-O g5 11. Qe2 Nfd7 12. Rad1 b6 13. Nf5 exf5 14. exf5 Rb8 15. f4 gxf4 16. Bxf4 Qc7 17. Nd5 Qc5+ 18. Be3 Qc4 19. Rd3 Qxa2 20. Nb4 Qa4 21. Nc6 Nxc6 22. Bxc6 Qxc6 23. Bg5+ Ne5 24. Qxe5+ Kd7 25. Qf6 hxg5 26. Qxf7+ Kd8 27. Qf6+ Be7 28. Qxh8+ Kd7 29. Rff3 d5 30. Qg7 Qf6 31. Qg8 d4 32. Rfe3 Kc7 33. Qc4+ Bc5 34. Re2 Bd7 35. Qxa6 Qc6 36. Qc4 Ra8 37. Re1 Qb5 38. Qf7 Qxb2 39. Qd5 Qxc2 40. Qxa8 Qxd3 41. Qa7+ Kc6 42. Qa8+ Kb5 43. Qg2 Bc6 0-1

[Event "Southwest op"]
[Site "Irving USA"]
[Date "2018.09.02"]
[Round "6.1"]
[White "Preotu, Razvan"]
[Black "Xiong, Jeffery"]
[Result "0-1"]
[WhiteElo "2513"]
[BlackElo "2650"]
[WhiteFideId "-1"]
[WhiteFideId "-1"]
[PlyCount "184"]
[GameId "2130307616383401"]
[EventDate "2018.08.30"]
[EventType "swiss"]
[EventRounds "9"]
[EventCountry "USA"]
[SourceTitle "10 Days #554"]
[Source "ChessMix"]
[SourceDate "2018.09.10"]
[SourceVersion "1"]
[SourceVersionDate "2018.09.10"]
[SourceQuality "1"]

1. e4 c5 2. Nf3 d6 3. d4 cxd4 4. Nxd4 Nf6 5. Nc3 a6 6. Be3 e5 7. Nf3 Qc7 8. a4 Be6 9. Ng5 Bd7 10. Be2 h6 11. Nf3 Be6 12. O-O Qc6 13. Qd3 Nbd7 14. Rfd1 Nc5 15. Bxc5 Qxc5 16. Nd2 Rc8 17. Nf1 Be7 18. Ne3 O-O 19. Bf3 Qb4 20. Ne2 Nd7 21. Qa3 Qxa3 22. Rxa3 Bg5 23. Rd2 Rc6 24. Rc3 Nc5 25. a5 Rfc8 26. Rd1 Na4 27. Rxc6 Rxc6 28. b3 Bxe3 29. fxe3 Nc5 30. Nd4 exd4 31. exd4 Nd7 32. d5 Bxd5 33. Rxd5 Kf8 34. c4 Ke7 35. Kf2 Rc5 36. Ke3 Ne5 37. Kd4 Rxa5 38. Rxa5 Nc6+ 39. Kc3 Nxa5 40. b4 Nc6 41. Bg4 Kd8 42. c5 Ne5 43. Be2 Kc7 44. Kd4 Nc6+ 45. Kc4 Nb8 46. Kd5 dxc5 47. bxc5 Nc6 48. e5 a5 49. Bd1 Ne7+ 50. Kd4 Nc6+ 51. Kd5 Kd7 52. Ba4 Ke7 53. Bxc6 bxc6+ 54. Kxc6 a4 55. Kb6 a3 56. c6 a2 57. c7 a1=Q 58. c8=Q Qb2+ 59. Ka7 Qa2+ 60. Kb8 Qb3+ 61. Ka7 Qa4+ 62. Kb6 Qb4+ 63. Ka6 Qa3+ 64. Kb6 Qb2+ 65. Ka7 Qf2+ 66. Ka6 Qa2+ 67. Kb5 Qd5+ 68. Kb4 Qxg2 69. Qc7+ Ke6 70. Qd6+ Kf5 71. Qd7+ Kg6 72. Qd3+ Kg5 73. Kc5 Qf2+ 74. Kc6 h5 75. Qd8+ Kg6 76. Qd6+ Kh7 77. Qd3+ g6 78. h3 Qf5 79. Qe3 Qe6+ 80. Kb5 Kg8 81. Qg3 Qf5 82. Kc4 g5 83. Kd4 Kg7 84. Qc3 Qd7+ 85. Ke4 Kg6 86. Qg3 Qf5+ 87. Ke3 Qf1 88. Qh2 Qc4 89. Qb2 Qf4+ 90. Kd3 Qf3+ 91. Kd4 Qxh3 92. Qb6+ Qe6 0-1

[Event "Southwest op"]
[Site "Irving USA"]
[Date "2018.09.02"]
[Round "7.6"]
[White "Nakar, Eylon"]
[Black "Preotu, Razvan"]
[Result "1/2-1/2"]
[WhiteElo "2461"]
[BlackElo "2513"]
[WhiteFideId "-1"]
[WhiteFideId "-1"]
[PlyCount "53"]
[GameId "2130307616383429"]
[EventDate "2018.08.30"]
[EventType "swiss"]
[EventRounds "9"]
[EventCountry "USA"]
[SourceTitle "10 Days #554"]
[Source "ChessMix"]
[SourceDate "2018.09.10"]
[SourceVersion "1"]
[SourceVersionDate "2018.09.10"]
[SourceQuality "1"]

1. e4 c5 2. Nf3 d6 3. Bb5+ Bd7 4. Bxd7+ Qxd7 5. c4 Nf6 6. Nc3 g6 7. d4 cxd4 8. Nxd4 Bg7 9. f3 O-O 10. Be3 Rc8 11. b3 e6 12. Qd2 Nc6 13. O-O d5 14. Nxc6 bxc6 15. e5 Ne8 16. f4 f6 17. exf6 Bxf6 18. Rad1 Qg7 19. Na4 Rd8 20. Nc5 Qe7 21. Qa5 e5 22. cxd5 cxd5 23. fxe5 Bxe5 24. Bf2 Ng7 25. Nd3 Bc7 26. Qc5 Qxc5 27. Nxc5 1/2-1/2

[Event "Southwest op"]
[Site "Irving USA"]
[Date "2018.09.03"]
[Round "8.6"]
[White "Preotu, Razvan"]
[Black "Reshef, Omer"]
[Result "1/2-1/2"]
[WhiteElo "2513"]
[BlackElo "2497"]
[WhiteFideId "-1"]
[WhiteFideId "-1"]
[PlyCount "51"]
[GameId "2130307616383450"]
[EventDate "2018.08.30"]
[EventType "swiss"]
[EventRounds "9"]
[EventCountry "USA"]
[SourceTitle "The Week in Chess 1244"]
[Source "Mark Crowther"]
[SourceDate "2018.09.10"]
[SourceVersion "1"]
[SourceVersionDate "2018.09.10"]
[SourceQuality "2"]

1. e4 e5 2. Bc4 Nf6 3. d3 Nc6 4. a3 d5 5. exd5 Nxd5 6. Nc3 Be6 7. Ne4 Be7 8. Nf3 O-O 9. O-O h6 10. b4 f5 11. Nc5 Bxc5 12. bxc5 Qf6 13. Bb2 Nf4 14. Bb5 Nd4 15. Nxd4 exd4 16. Qf3 g5 17. Bc1 Nd5 18. Re1 c6 19. Bc4 Rae8 20. Bd2 Nc7 21. Ba5 Bxc4 22. Bxc7 Bd5 23. Qh5 Bf7 24. Qf3 Bd5 25. Qh5 Bf7 26. Qf3 1/2-1/2

[Event "Southwest op"]
[Site "Irving USA"]
[Date "2018.09.03"]
[Round "9.5"]
[White "Shtembuliak, Evgeny"]
[Black "Preotu, Razvan"]
[Result "0-1"]
[WhiteElo "2518"]
[BlackElo "2513"]
[WhiteFideId "-1"]
[WhiteFideId "-1"]
[PlyCount "80"]
[GameId "2130307616383470"]
[EventDate "2018.08.30"]
[EventType "swiss"]
[EventRounds "9"]
[EventCountry "USA"]
[SourceTitle "The Week in Chess 1244"]
[Source "Mark Crowther"]
[SourceDate "2018.09.10"]
[SourceVersion "1"]
[SourceVersionDate "2018.09.10"]
[SourceQuality "2"]

1. b3 d5 2. Bb2 Nf6 3. e3 Bf5 4. f4 Nbd7 5. Nf3 e6 6. Nc3 h6 7. h3 Ne4 8. g4 Bh7 9. d3 Ng3 10. Rg1 Nxf1 11. Rxf1 Be7 12. Qd2 Nc5 13. O-O-O a5 14. Qf2 a4 15. f5 axb3 16. axb3 Bf6 17. d4 Nd7 18. e4 O-O 19. Rg1 b5 20. exd5 b4 21. Ne4 exd5 22. Nxf6+ Nxf6 23. Ne5 Ne4 24. Qe1 Ra2 25. Qxb4 Qa8 26. Kb1 Qa6 27. c4 Nf2 28. Rd2 Nxh3 29. Rc1 h5 30. Nd7 Ra8 31. Nc5 Qd6 32. Re1 hxg4 33. Re5 Bxf5+ 34. Rxf5 Qg6 35. Na4 R2xa4 36. bxa4 Qxf5+ 37. Ka2 g3 38. Qb3 dxc4 39. Qxc4 Qe4 40. Qf1 Nf4 0-1

[Event "Quebec op"]
[Site "Longueuil CAN"]
[Date "2018.07.21"]
[Round "1.5"]
[White "Preotu, Razvan"]
[Black "Currie, James"]
[Result "1-0"]
[WhiteElo "2495"]
[BlackElo "2006"]
[WhiteFideId "-1"]
[WhiteFideId "-1"]
[PlyCount "67"]
[GameId "2160767908090903"]
[EventDate "2018.07.21"]
[EventType "swiss"]
[EventRounds "9"]
[EventCountry "CAN"]

1. e4 d5 2. exd5 Nf6 3. d4 Nxd5 4. c4 Nb4 5. a3 N4a6 6. Nf3 g6 7. Be2 Bg7 8. O-O O-O 9. h3 Nd7 10. Nc3 c6 11. Bf4 Nc7 12. Rc1 Ne6 13. Bh2 Bh6 14. d5 Nf4 15. Rc2 Nf6 16. Rd2 Qa5 17. Rd4 N6h5 18. Ne1 e5 19. Re4 f6 20. Bxh5 Nxh5 21. Rh4 Bd7 22. Nd3 Rae8 23. d6 c5 24. f4 e4 25. Nc1 Qb6 26. g4 Bxf4 27. gxh5 Bxh2+ 28. Kxh2 Qxb2+ 29. N1e2 Re5 30. hxg6 hxg6 31. Rxe4 Rh5 32. Re3 Qxa3 33. Rg1 Rh6 34. Qd5+ 1-0

[Event "Quebec op"]
[Site "Longueuil CAN"]
[Date "2018.07.22"]
[Round "2.5"]
[White "Huang, Qiuyu"]
[Black "Preotu, Razvan"]
[Result "0-1"]
[WhiteElo "2108"]
[BlackElo "2495"]
[WhiteFideId "-1"]
[WhiteFideId "-1"]
[PlyCount "62"]
[GameId "2160767908090921"]
[EventDate "2018.07.21"]
[EventType "swiss"]
[EventRounds "9"]
[EventCountry "CAN"]
[SourceTitle "hb 2018"]

1. e4 c5 2. Nf3 d6 3. d4 cxd4 4. Nxd4 Nf6 5. Nc3 a6 6. Bg5 Nbd7 7. f4 Qc7 8. Qf3 h6 9. Bh4 g5 10. fxg5 hxg5 11. Bxg5 Qc5 12. Bxf6 Nxf6 13. Nf5 e6 14. Ng3 Nd7 15. Bd3 Bg7 16. Nge2 b5 17. a3 Rb8 18. Qf2 Qxf2+ 19. Kxf2 Nc5 20. Rab1 b4 21. axb4 Rxb4 22. h3 Bb7 23. b3 Ke7 24. Na2 Nxe4+ 25. Bxe4 Rxe4 26. c4 Rg8 27. Rhd1 Bh6 28. g3 Re3 29. b4 Rf3+ 30. Ke1 Be3 31. b5 Rg6 0-1

[Event "Quebec op"]
[Site "Longueuil CAN"]
[Date "2018.07.22"]
[Round "3.2"]
[White "Preotu, Razvan"]
[Black "Mikhalevski, Victor"]
[Result "1-0"]
[WhiteElo "2495"]
[BlackElo "2583"]
[WhiteFideId "-1"]
[WhiteFideId "-1"]
[PlyCount "107"]
[GameId "2160767738996940"]
[EventDate "2018.07.21"]
[EventType "swiss"]
[EventRounds "9"]
[EventCountry "CAN"]
[WhiteClock "0:31:53"]
[BlackClock "0:01:18"]

1. e4 e5 2. Nf3 Nc6 3. Bb5 g6 4. c3 Bg7 5. d4 exd4 6. cxd4 a6 7. Be2 d5 8. e5 f6 9. Bf4 fxe5 10. Nxe5 Nge7 11. Nxc6 Nxc6 12. Be3 Qf6 13. Nc3 Be6 14. Bg4 Bxg4 15. Qxg4 Nxd4 16. Bxd4 Qxd4 17. Qe6+ Kf8 18. O-O Rd8 19. Rad1 Qe5 20. Qh3 c6 21. f4 Qh5 22. Qg3 Qf5 23. Ne2 Kg8 24. Qb3 Qd7 25. f5 Rf8 26. Ng3 Be5 27. Rde1 Bd4+ 28. Kh1 Kg7 29. Qd1 Bf6 30. Qg4 Rhg8 31. Re6 Kh8 32. fxg6 Rxg6 33. Qb4 Rf7 34. Rfe1 h6 35. Nh5 Kh7 36. Qb3 c5 37. Qd3 Qb5 38. Qf5 Qxb2 39. Nf4 Rfg7 40. Nxg6 Rxg6 41. Re7+ Bg7 42. Qxd5 Qd4 43. Qxd4 cxd4 44. Rxb7 h5 45. g3 Rg5 46. Re6 a5 47. a4 h4 48. gxh4 Rg4 49. h5 d3 50. Rg6 Rxg6 51. hxg6+ Kxg6 52. Rd7 Bf8 53. Rxd3 Bb4 54. Rd5 1-0

[Event "Quebec op"]
[Site "Longueuil CAN"]
[Date "2018.07.23"]
[Round "4.1"]
[White "Preotu, Razvan"]
[Black "Edouard, Romain"]
[Result "1-0"]
[WhiteElo "2495"]
[BlackElo "2638"]
[WhiteFideId "-1"]
[WhiteFideId "-1"]
[PlyCount "113"]
[GameId "2160767738996943"]
[EventDate "2018.07.21"]
[EventType "swiss"]
[EventRounds "9"]
[EventCountry "CAN"]
[WhiteClock "0:31:44"]
[BlackClock "0:00:34"]

1. e4 c5 2. Nf3 Nc6 3. Nc3 e6 4. d4 cxd4 5. Nxd4 a6 6. Nxc6 bxc6 7. Bd3 d5 8. O-O Nf6 9. Re1 Be7 10. e5 Nd7 11. Qg4 Kf8 12. Na4 Qa5 13. Re2 h5 14. Qf4 g5 15. Bd2 gxf4 16. Bxa5 Bb7 17. c4 Rg8 18. f3 c5 19. cxd5 Bxd5 20. Be4 Rg5 21. Rae1 h4 22. Bxd5 exd5 23. Bd2 Rf5 24. e6 fxe6 25. Rxe6 Bf6 26. Rd6 Ra7 27. Kf1 h3 28. Nc3 hxg2+ 29. Kxg2 Bxc3 30. Bxc3 d4 31. Bd2 Nf6 32. b4 Rb7 33. Rc1 cxb4 34. Rxd4 a5 35. Bxf4 Kf7 36. Bd2 Re7 37. Kg3 Re2 38. Rc6 Kg7 39. h4 Rd5 40. Rxd5 Nxd5 41. Bg5 Rxa2 42. Rd6 Nc3 43. h5 Ra1 44. h6+ Kh7 45. Rd7+ Kg6 46. Rg7+ Kf5 47. Bh4 Rg1+ 48. Kh2 Rg6 49. Rf7+ Ke5 50. f4+ Kd5 51. Bg5 Rxh6+ 52. Bxh6 b3 53. Rb7 Kc4 54. f5 a4 55. f6 a3 56. Bc1 Nb5 57. Bxa3 1-0

[Event "Quebec op"]
[Site "Longueuil CAN"]
[Date "2018.07.26"]
[Round "7.1"]
[White "Preotu, Razvan"]
[Black "Zhao, Jim"]
[Result "1-0"]
[WhiteElo "2495"]
[BlackElo "2169"]
[WhiteFideId "-1"]
[WhiteFideId "-1"]
[PlyCount "175"]
[GameId "2160767908091021"]
[EventDate "2018.07.21"]
[EventType "swiss"]
[EventRounds "9"]
[EventCountry "CAN"]

1. e4 c5 2. Nf3 e6 3. d4 cxd4 4. Nxd4 Nc6 5. Nc3 Qc7 6. Be3 Nf6 7. Be2 a6 8. O-O Bb4 9. Na4 O-O 10. Nxc6 bxc6 11. Nb6 Rb8 12. Nxc8 Qxc8 13. Bf4 Rb6 14. c3 Be7 15. Qc2 d5 16. e5 Nd7 17. Bd3 g6 18. b3 c5 19. g3 c4 20. bxc4 dxc4 21. Be2 Qc6 22. Rfe1 g5 23. Be3 Rb5 24. Qa4 Nxe5 25. Bd4 Rc8 26. Rad1 Bf6 27. Rf1 Rb2 28. Qxc6 Rxc6 29. Bh5 Nd7 30. f4 gxf4 31. Rxf4 Bxd4+ 32. Rdxd4 Ne5 33. Rd8+ Kg7 34. Bxf7 Nxf7 35. Rd7 Rxa2 36. Rfxf7+ Kg6 37. Rg7+ Kf6 38. Rxh7 Rb6 39. Rd1 Rc2 40. Rf1+ Ke5 41. Re1+ Kf5 42. Rf7+ Kg6 43. Rf2 Rxc3 44. Kg2 Rcb3 45. Re4 c3 46. Rg4+ Kh5 47. Rh4+ Kg5 48. Rc4 Rd6 49. Kh3 Rb2 50. Rg4+ Kh6 51. Rf6+ Kh7 52. Rf7+ Kh8 53. Rc4 Rb8 54. Rxc3 Kg8 55. Rcc7 Rb2 56. Rg7+ Kf8 57. Rcf7+ Ke8 58. Ra7 Kf8 59. Rgc7 Rb8 60. g4 e5 61. Rh7 Kg8 62. Kh4 e4 63. g5 e3 64. Rhe7 Kf8 65. Rxe3 Rb2 66. h3 Rb8 67. Kh5 Kg8 68. h4 Rc6 69. Re4 a5 70. Rxa5 Rc7 71. Rea4 Rbb7 72. Ra8+ Kg7 73. R4a6 Rd7 74. Rg6+ Kh7 75. Rgg8 Rd5 76. Rh8+ Kg7 77. Rag8+ Kf7 78. Rh7+ Kxg8 79. Rxb7 Rd8 80. Kh6 Ra8 81. Rb6 Rc8 82. h5 Ra8 83. g6 Kh8 84. Kg5 Kg8 85. h6 Kh8 86. h7 Kg7 87. Rb7+ Kh8 88. Kh6 1-0

[Event "Quebec op"]
[Site "Longueuil CAN"]
[Date "2018.07.27"]
[Round "8.1"]
[White "Cherniaev, Alexander"]
[Black "Preotu, Razvan"]
[Result "1/2-1/2"]
[WhiteElo "2421"]
[BlackElo "2495"]
[WhiteFideId "-1"]
[WhiteFideId "-1"]
[PlyCount "86"]
[GameId "2160767738996955"]
[EventDate "2018.07.21"]
[EventType "swiss"]
[EventRounds "9"]
[EventCountry "CAN"]
[WhiteClock "0:25:36"]
[BlackClock "0:28:55"]

1. e4 c5 2. Nc3 a6 3. g3 b5 4. Bg2 Bb7 5. Nge2 Nf6 6. O-O d6 7. h3 e6 8. d3 Nc6 9. f4 b4 10. Na4 Be7 11. Be3 O-O 12. a3 a5 13. c3 bxc3 14. bxc3 Rb8 15. c4 Nd7 16. Rb1 Ba8 17. Nac3 Rxb1 18. Qxb1 Qb6 19. Nb5 Na7 20. a4 Nc6 21. g4 Nb4 22. g5 f5 23. gxf6 Bxf6 24. Qd1 e5 25. f5 Nb8 26. Ng3 Qd8 27. Qg4 Bc6 28. Nh5 Kh8 29. Nxf6 gxf6 30. Bh6 Rg8 31. Qd1 Bxb5 32. axb5 Nd7 33. Kh2 Nb6 34. Bf3 a4 35. Bc1 Qe7 36. Rf2 Qa7 37. Ba3 Qg7 38. Rg2 Qh6 39. Bc1 Rxg2+ 40. Kxg2 Qg7+ 41. Kf2 Qa7 42. Ba3 Qg7 43. Bc1 Qa7 1/2-1/2

[Event "Titled Tuesday 2018.07.03"]
[Site "Chess.com INT"]
[Date "2018.07.03"]
[Round "4"]
[White "Kollars, Dmitrij"]
[Black "Preotu, Razvan"]
[Result "1-0"]
[WhiteElo "2538"]
[BlackElo "2494"]
[WhiteFideId "-1"]
[WhiteFideId "-1"]
[PlyCount "85"]
[GameId "1515678082633728"]
[EventDate "2018.07.03"]
[EventType "swiss (blitz)"]
[EventRounds "10"]
[EventCountry "NET"]
[SourceTitle "EXT 2021"]
[Source "ChessBase"]
[SourceDate "2020.10.23"]
[SourceVersion "1"]
[SourceVersionDate "2020.10.23"]
[SourceQuality "1"]

1. e4 c5 2. Nf3 d6 3. Bb5+ Nd7 4. a4 Ngf6 5. Nc3 g6 6. a5 Bg7 7. a6 O-O 8. O-O Ne8 9. d4 cxd4 10. Nxd4 Nc7 11. axb7 Bxb7 12. Nc6 Qe8 13. Na5 Bxc3 14. Bxd7 Qxd7 15. Nxb7 Bg7 16. Na5 Qb5 17. Ra2 Ne6 18. Qd5 a6 19. c4 Qxd5 20. exd5 Nd4 21. Be3 Rfb8 22. Bxd4 Bxd4 23. Rb1 Rb4 24. b3 Bf6 25. Nc6 Rb6 26. b4 e6 27. b5 exd5 28. cxd5 Kg7 29. Kf1 Bc3 30. Rb3 Bf6 31. g3 g5 32. g4 Kg6 33. h3 h5 34. Rb4 hxg4 35. hxg4 Bc3 36. Rc4 Bf6 37. Rb4 Bc3 38. Rb3 Bf6 39. Kg2 Kg7 40. Ra5 Kg6 41. Kf3 Bd8 42. Rba3 Rb7 43. Rxa6 1-0

[Event "Golden Horseshoe op"]
[Site "Mississauga CAN"]
[Date "2018.06.02"]
[Round "1.1"]
[White "Preotu, Razvan"]
[Black "Xu, Daniel"]
[Result "1-0"]
[WhiteElo "2626"]
[BlackElo "2075"]
[WhiteFideId "-1"]
[WhiteFideId "-1"]
[PlyCount "63"]
[GameId "2160767908179036"]
[EventDate "2018.06.02"]
[EventType "swiss"]
[EventRounds "5"]
[EventCountry "CAN"]
[SourceTitle "hb 2018"]

1. e4 c5 2. Nf3 d6 3. d4 cxd4 4. Nxd4 Nf6 5. Nc3 a6 6. Nb3 e5 7. Bg5 Be7 8. Bxf6 Bxf6 9. Qd3 Be6 10. O-O-O Be7 11. Nd5 Bxd5 12. Qxd5 Nc6 13. Kb1 Qc7 14. Bc4 O-O 15. Qd2 b5 16. Bd5 a5 17. Qc3 Rfc8 18. Qxc6 Qxc6 19. Bxc6 Rxc6 20. a3 Rac8 21. Nxa5 Rxc2 22. Rc1 Rxc1+ 23. Rxc1 Rxc1+ 24. Kxc1 Bd8 25. Nb7 Bc7 26. Kc2 Kf8 27. Kb3 Ke7 28. Kb4 f5 29. exf5 d5 30. Kxb5 d4 31. Nc5 Bd6 32. Ne4 1-0

[Event "Golden Horseshoe op"]
[Site "Mississauga CAN"]
[Date "2018.06.02"]
[Round "2.1"]
[White "Lin, Benjamin"]
[Black "Preotu, Razvan"]
[Result "0-1"]
[WhiteElo "2093"]
[BlackElo "2626"]
[WhiteFideId "-1"]
[WhiteFideId "-1"]
[PlyCount "134"]
[GameId "2160767908179048"]
[EventDate "2018.06.02"]
[EventType "swiss"]
[EventRounds "5"]
[EventCountry "CAN"]
[SourceTitle "hb 2018"]

1. d4 Nf6 2. c4 e6 3. Nc3 Bb4 4. e3 O-O 5. Bd3 d5 6. a3 Bxc3+ 7. bxc3 dxc4 8. Bxc4 c5 9. Ne2 Qc7 10. Bd3 Nc6 11. O-O e5 12. d5 e4 13. Bxe4 Nxe4 14. dxc6 Qxc6 15. f3 Nd6 16. e4 Be6 17. Nf4 Bc4 18. Nd5 Rae8 19. Rf2 f5 20. Bg5 Rf7 21. Rd2 Nc8 22. Ne3 Be6 23. exf5 Bxf5 24. Nxf5 Rxf5 25. Bh4 Nb6 26. Rd6 Qa4 27. Qxa4 Nxa4 28. Rd7 Rf4 29. Bg5 Rf7 30. Rd5 b6 31. Rc1 h6 32. Bd2 Ree7 33. Re1 Rd7 34. Ree5 Nb2 35. Re8+ Kh7 36. Rd8 Rde7 37. Kf1 Nc4 38. Bc1 Ne3+ 39. Bxe3 Rxe3 40. R8d7 Rxd7 41. Rxd7 a5 42. Rb7 Rxc3 43. Rxb6 Rxa3 44. Rc6 Rc3 45. Ra6 Rc2 46. Rxa5 Kg6 47. Ra6+ Kf5 48. Rc6 c4 49. h3 c3 50. Kg1 Ke5 51. Kh2 Kd4 52. Rc7 Re2 53. Rd7+ Kc4 54. Rc7+ Kd4 55. Rd7+ Ke3 56. Re7+ Kd2 57. Rd7+ Ke1 58. Rxg7 c2 59. Rc7 Kd1 60. Kg3 c1=Q 61. Rxc1+ Kxc1 62. Kh4 Rxg2 63. Kh5 Kd2 64. f4 Ke3 65. f5 Rg5+ 66. Kxh6 Rxf5 67. Kg6 Kf4 0-1